00245nam a2200109Ia 4500008004100000082001200041100001700053245002200070260002700092300000800119650000800127191201s2019 xx 000 0 und d a658 JOT aJOSHI, Gowri 0aTalent Management bCengage Learningc2019 a345 aMBA